| 000 | 00646nam a22001937a 4500 | ||
|---|---|---|---|
| 999 |
_c68130 _d68130 |
||
| 005 | 20210325211152.0 | ||
| 008 | s2007 eng d | ||
| 040 | _aNALT | ||
| 041 | _aeng | ||
| 050 |
_aLA 1151 _bE38 2007 |
||
| 245 | 1 | 0 | _aEducation in India |
| 260 |
_aNew Delhi : _bDepartment of Higher Education, Ministry of Human Resource Development, _c2007. |
||
| 300 |
_a57 p. : _btables, map, graps ; _c28 cm. |
||
| 650 | 0 |
_aEducation and state _941834 _zIndia |
|
| 650 | 0 |
_aEducation and state _941834 _zIndia |
|
| 850 | _aNALT | ||
| 942 |
_cGB _2lcc |
||